00920cam a2200277 a 4500001001000000003000900010005001700019007000300036008004100039020001500080040002500095082002200120100003800142245008000180260004300260300002100303500003900324590002800363650003100391650003500422700003300457910000700490942001400497952011600511999001500627000003629DO-SdBNP20220906114533.0ta920825s1994 ag 000 1 spa  a9501513971 aDO-SdBNPbspacBNPHU 4a813.54bG794p2221 aGreeley, Andrew M.,d1928-91114313aLa perdida de la gracia /cAndrew M. Greeley ; traducción Silvia Sassone. aBuenos Aires :bJavier Vergara,c1994. a366 p. ;c24 cm. aTítulo original: Fall from Grace aInventariado, 2022 / DG 4aNovela estadounidense9262 4aLiteratura estadounidense92631 aSassone, Silvia,etr.911144 aDG 2ddccLBS1 00102ddc51708PDaBNPHUbBNPHUcHDd2009-07-11oBNPHU PD 813.54 G794pp3629-10r2020-06-25w2020-06-25yLBS1 c3452d3452